| 000 | 01390nam a2200361Ia 4500 | ||
|---|---|---|---|
| 001 | ebr10577581 | ||
| 003 | CaPaEBR | ||
| 006 | m u | ||
| 007 | cr cn||||||||| | ||
| 008 | 110408s2012 njua sb 001 0 eng d | ||
| 010 | _z 2011015204 | ||
| 020 | _z0470258179 (cloth) | ||
| 020 | _z9780470258170 (cloth) | ||
| 020 | _z9781118116531 | ||
| 040 |
_aCaPaEBR _cCaPaEBR |
||
| 035 | _a(OCoLC)771282567 | ||
| 050 | 1 | 4 |
_aRM301.25 _b.P757 2012eb |
| 082 | 0 | 4 |
_a615/.19 _223 |
| 245 | 0 | 0 |
_aProtein and peptide mass spectrometry in drug discovery _h[electronic resource] / _cedited by Michael L. Gross, Guodong Chen, Birendra N. Pramanik. |
| 260 |
_aHoboken, NJ : _bWiley, _cc2012. |
||
| 300 |
_axviii, 464 p. : _bill. (some col.) |
||
| 504 | _aIncludes bibliographical references and index. | ||
| 533 |
_aElectronic reproduction. _bPalo Alto, Calif. : _cebrary, _d2011. _nAvailable via World Wide Web. _nAccess may be limited to ebrary affiliated libraries. |
||
| 650 | 0 | _aDrug development. | |
| 650 | 0 |
_aPeptides _xSpectra. |
|
| 650 | 0 |
_aProteins _xSpectra. |
|
| 655 | 7 |
_aElectronic books. _2local |
|
| 700 | 1 | _aGross, Michael L. | |
| 700 | 1 |
_aChen, Guodong, _d1966- |
|
| 700 | 1 |
_aPramanik, Birendra N., _d1944- |
|
| 710 | 2 | _aebrary, Inc. | |
| 856 | 4 | 0 |
_uhttp://site.ebrary.com/lib/rucke/Doc?id=10577581 _zAn electronic book accessible through the World Wide Web; click to view |
| 999 |
_c86789 _d86789 |
||